[Event "Cto por Equipos de Aragon-Preferente I"]
[Site ""]
[Date "2023.02.18"]
[Round "4.42"]
[White "Jario Dominguez, Diego"]
[Black "Torcal Miguel, Paula"]
[Result "1-0"]
[WhiteElo "1622"]
[BlackElo "1590"]
[PlyCount "0"]
[WhiteTeam "Marcos Frechin B"]
[BlackTeam "Helios B"]
[EventDate "2023.01.28"]

1. e4 e5 2. Nf3 Nc6 3. d4 exd4 4. Nxd4 Bc5 5. Nb3 Bb6 6. Qe2 d6 7. Nc3 Nf6 
8. Be3 Bxe3 9. Qxe3 Be6 10. O-O-O Ng4 11. Qg3 Qg5+ 12. f4 Qh6 13. h3 Nge5 
14. Kb1 Nc4 15. f5 Ne3 16. fxe6 Nxd1 17. exf7+ Kxf7 18. Bc4+ Ke7 19. Nd5+ Kd7 
20. Qg4+ Kd8 21. Rxd1 Ne5 22. Qe2 Kd7 23. Ne3 Rad8 24. Nf5 Qf6 25. Bb5+ Kc8 
26. Qe3 Kb8 27. Rf1 a6 28. Be2 g6 29. Nfd4 Qe7 30. Na5 c5 31. Nf3 Rd7 32. Nxe5 Qxe5 
33. Bxa6 Rc7 34. Bxb7 Rxb7 35. Nc6+ 1-0

[Event "Cto por Equipos de Aragon-Preferente I"]
[Site ""]
[Date "2023.02.18"]
[Round "4.43"]
[White "Chueca Lorente, Javier"]
[Black "Carruez Gracia, Eduardo"]
[Result "1-0"]
[WhiteElo "2149"]
[BlackElo "1941"]
[PlyCount "0"]
[WhiteTeam "MyInvestor Casablanca B"]
[BlackTeam "Agrupacion B"]
[EventDate "2023.01.28"]

1. c4 Nf6 2. g3 e5 3. Bg2 c6 4. d4 e4 5. Nc3 d5 6. Bg5 Bb4 7. Nh3 Bf5 8. cxd5
Qa5 9. Bxf6 Bxc3+ 10. bxc3 Qxc3+ 11. Kf1 gxf6 12. Nf4 Qa5 13. g4 Bxg4 14. Bxe4
Qc7 15. Qc1 Qd7 16. Qc2 Qd6 17. e3 Bd7 18. Rb1 cxd5 19. Bxd5 Bc6 20. Qc4 O-O
21. Rg1+ Kh8 22. Bxf7 Nd7 23. Qe6 Qa3 24. Ng6+ hxg6 25. Qh3+ Kg7 26. Bxg6 Rh8
27. Bc2+ Kf7 28. Bb3+ Qxb3 29. Rg7+ Kxg7 30. Qg3+ Kf7 31. Rxb3 Rac8 32. Qd6 Nb6
33. Ke2 Bd5 34. Rb2 Rc6 35. Qf4 Rhc8 36. e4 Bc4+ 37. Kf3 Bf1 38. Qh6 Rg8 39.
Qh5+ Kf8 40. Qh6+ Kf7 41. Qh7+ Rg7 42. Qh5+ Ke7 43. Kf4 f5 44. exf5 Kd7 45. Qh8
Nd5+ 46. Ke4 Nc3+ 47. Ke5 Re7+ 48. Kf4 Nd5+ 49. Kg5 b6 50. Rb3 Rc8 51. Qh6 Rg8+
52. Kh5 Ree8 53. Qh7+ Kd8 54. Qxa7 Nf4+ 55. Kh6 Nh3 56. Qb8+ Kd7 57. Qb7+ Kd8
58. Qxb6+ Kd7 59. Qb7+ Kd6 60. Qb6+ Ke7 61. Qc7+ Kf6 62. Qd6+ Kxf5 63. Rf3+ Ke4
64. Re3+ Kf5 65. Qd7+ Kf4 66. Qf7+ Kg4 67. Qf3+ Kh4 68. Qh5# 1-0

[Event "Cto por Equipos de Aragon-Preferente I"]
[Site ""]
[Date "2023.02.18"]
[Round "4.44"]
[White "Larrosa Poves, Jose Manuel"]
[Black "Cebollada Pacheco, Jesus Raul"]
[Result "0-1"]
[WhiteElo "1902"]
[BlackElo "1955"]
[PlyCount "0"]
[WhiteTeam "Agrupacion B"]
[BlackTeam "MyInvestor Casablanca B"]
[EventDate "2023.01.28"]

1. d4 Nf6 2. c4 g6 3. Nc3 Bg7 4. Nf3 O-O 5. Bg5 h6 6. Bh4 d6 7. e3 c5 8. d5 Bf5
9. Bd3 Bxd3 10. Qxd3 Nbd7 11. h3 Qb6 12. O-O Qb4 13. Bg3 Nh5 14. Bh2 Qxb2 15.
Rac1 Qa3 16. g4 Nhf6 17. Rb1 Rfb8 18. Rb3 Qa5 19. Rfb1 Qc7 20. Nb5 Qd8 21. Nxd6
exd6 22. Bxd6 b6 23. Bxb8 Qxb8 24. a4 Qe8 25. a5 Qe4 26. Nd2 Qxd3 27. Rxd3 Ne8
28. e4 g5 29. Ra3 Rb8 30. axb6 axb6 31. Ra7 Ne5 32. Ra6 Nd6 33. Raxb6 Rxb6 34.
Rxb6 Bf8 35. Kg2 Nexc4 36. Nxc4 Nxc4 37. Rb8 Kg7 38. Rc8 Bd6 39. Rc6 Kf6 40. h4
Ke5 41. hxg5 hxg5 42. f3 f6 43. Kf2 Kd4 44. Ke2 Be5 45. Ra6 Kc3 46. Rc6 Kb4 47.
Kd3 Kb5 48. Rc8 Nb6 49. Rc6 c4+ 50. Kc2 Na4 51. Re6 Nc5 52. Rc6 Nd3 53. Kd2 Nb4
54. Rc8 c3+ 55. Kd1 c2+ 56. Kd2 Bf4+ 0-1

[Event "Cto por Equipos de Aragon-Preferente I"]
[Site ""]
[Date "2023.02.18"]
[Round "4.45"]
[White "Miranda Herrera, Belen"]
[Black "Pedrol Aguila, Mario"]
[Result "1-0"]
[WhiteElo "1788"]
[BlackElo "1681"]
[PlyCount "0"]
[WhiteTeam "MyInvestor Casablanca B"]
[BlackTeam "Agrupacion B"]
[EventDate "2023.01.28"]

1. e4 e6 2. d4 d5 3. Nd2 Nf6 4. e5 Nfd7 5. f4 c5 6. c3 Nc6 7. Ngf3 Qb6 8. Nb3
Be7 9. Be2 f6 10. O-O cxd4 11. cxd4 fxe5 12. fxe5 Ndxe5 13. Ng5 h6 14. Nh3 Nf7
15. Nf4 Bf6 16. Nh5 Bxd4+ 17. Nxd4 Qxd4+ 18. Qxd4 Nxd4 19. Nxg7+ Ke7 20. Bd1
Bd7 21. Be3 Nc6 22. Bc5+ Nd6 23. Re1 Raf8 24. Bb3 b6 25. Ba3 Rhg8 26. Nxe6 Bxe6
27. Bxd5 Nd8 28. Rad1 Rf6 29. Bxe6 Rxe6 30. Rxe6+ Kxe6 31. Rxd6+ Ke5 32. Rxh6
Ne6 33. Rh7 a6 34. Ra7 a5 35. Rb7 Nf4 36. g3 Rg6 37. b3 Kd5 38. Kf2 Kc6 39. Rh7
Nd5 40. Bc1 Nb4 41. Rh6 Rxh6 42. Bxh6 Nxa2 43. Bd2 Kd5 44. Ke3 b5 45. h4 b4 46.
Kd3 Kc5 47. h5 a4 48. bxa4 b3 49. h6 Nb4+ 50. Bxb4+ Kxb4 51. h7 1-0

[Event "Cto por Equipos de Aragon-Preferente II"]
[Site ""]
[Date "2023.02.18"]
[Round "4.47"]
[White "Mombiela De Sus, Jose Luis"]
[Black "Abos Rosico, Antonio"]
[Result "1/2-1/2"]
[WhiteElo "1944"]
[BlackElo "2077"]
[PlyCount "0"]
[WhiteTeam "Las Fuentes B"]
[BlackTeam "Actur Rey Fernando A"]
[EventDate "2023.01.28"]

1. Nf3 Nf6 2. g3 g6 3. b3 Bg7 4. Bb2 d5 5. c4 c6 6. Bg2 O-O 7. O-O Bf5
8. d3 Nbd7 9. Nbd2 Re8 10. Qc2 e5 11. e4 dxe4 12. dxe4 Bg4 13. b4 a5 14. a3 Bf8
15. c5 b6 16. cxb6 axb4 17. b7 Rb8 18. Qxc6 Re6 19. Qc4 Ne8 20. h4 Rxb7 21. Nh2
Rc7 22. Qd3 Rd6 23. Qe3 Be6 24. Rfc1 bxa3 25. Bxa3 Rdc6 26. Rxc6 Rxc6 27. Bxf8
Nxf8 28. Bf3 Rd6 29. Ndf1 Rd3 30. Ra8 1/2-1/2

[Event "Cto por Equipos de Aragon-Preferente II"]
[Site ""]
[Date "2023.02.18"]
[Round "4.48"]
[White "Leon Dionis, Mateo"]
[Black "Brosa Soto, Jesus"]
[Result "1-0"]
[WhiteElo "1754"]
[BlackElo "1938"]
[PlyCount "0"]
[WhiteTeam "Actur Rey Fernando A"]
[BlackTeam "Las Fuentes B"]
[EventDate "2023.01.28"]

1. b4 d5 2. Bb2 Nf6 3. Nf3 e6 4. b5 c5 5. e3 Nbd7 6.
Be2 Bd6 7. O-O O-O 8. c4 b6 9. d4 Qc7 10. Nbd2 Bb7 11. Qb3 a5 12. a4 Ne4 13. h3
f5 14. cxd5 exd5 15. dxc5 Ndxc5 16. Qc2 Rae8 17. Nb3 Re6 18. Nxc5 Bxc5 19. Bd4
Qe7 20. Bxc5 Nxc5 21. Nd4 Ref6 22. Bf3 Qd6 23. Rad1 Ne4 24. Nxf5 Rxf5 25. Bxe4
Rh5 26. Qe2 Rh4 27. f4 Qc5 28. Qf2 g5 29. Rc1 Qb4 30. Qg3 Qe7 31. Bb1 h6 32.
fxg5 Rxf1+ 33. Kxf1 hxg5 34. Kg1 Rc4 35. Rf1 Kg7 36. Kh2 Rxa4 37. Rf5 Kh6 38.
Qf3 Kg7 39. Qh5 1-0

[Event "Cto por Equipos de Aragon-Preferente II"]
[Site ""]
[Date "2023.02.18"]
[Round "4.49"]
[White "Artal Alegria, Francisco Javier"]
[Black "Garcia Alvarez, Sergio"]
[Result "0-1"]
[WhiteElo "1745"]
[BlackElo "1722"]
[PlyCount "0"]
[WhiteTeam "Las Fuentes B"]
[BlackTeam "Actur Rey Fernando A"]
[EventDate "2023.01.28"]

1. e4 g6 2. d4 Bg7 3. Nf3 d6 4. h3 Nd7 5. Bc4 e6 6. Bg5 Ne7 7. Nc3 a6
8. a4 b6 9. Qd2 h6 10. Bh4 Bb7 11. O-O g5 12. Nxg5 hxg5 13. Bxg5 Nf6 14. d5 e5
15. Ne2 Nxe4 16. Qe3 Nxg5 17. Qxg5 Ng6 18. Qe3 Bh6 19. Qd3 Qd7 20. Rfe1 Nf4 21.
Nxf4 Bxf4 22. Re4 f5 23. Rxf4 exf4 24. Re1+ Kd8 25. Re6 Qf7 26. Qd4 Rg8 27. f3
Qg7 28. Qf2 Kd7 29. Qe2 Rae8 30. g4 Bxd5 31. Rxe8 Rxe8 32. Qd3 Bxc4 33. Qxc4
Qe5 0-1

[Event "Cto por Equipos de Aragon-Preferente II"]
[Site ""]
[Date "2023.02.18"]
[Round "4.50"]
[White "Perez Puyal, Jose Joaquin"]
[Black "Latorre Bueno, Francisco"]
[Result "1-0"]
[WhiteElo "1689"]
[BlackElo "1474"]
[PlyCount "0"]
[WhiteTeam "Actur Rey Fernando A"]
[BlackTeam "Las Fuentes B"]
[EventDate "2023.01.28"]

1. d4 d5 2. Nf3 Nc6 3. e3 e6 4. c3 Nf6 5. Nbd2 Be7 6.
Bd3 O-O 7. O-O a6 8. a4 Bd6 9. Qe2 Re8 10. Re1 e5 11. dxe5 Nxe5 12. Nxe5 Bxe5
13. h3 Bd7 14. Nf3 Qc8 15. Nxe5 Rxe5 16. Qf3 Bc6 17. Qf4 Qe8 18. b3 Ne4 19.
Bxe4 Rxe4 20. Qxc7 Rc8 21. Qh2 Bd7 22. Bb2 Re6 23. a5 Rg6 24. Red1 Bc6 25. Rd4
Qe6 26. Rad1 h6 27. Ba3 Re8 28. Bb4 Qf5 29. Rc1 Re4 30. Bc5 Rxd4 31. Bxd4 Qd3
32. Qb8+ Kh7 33. Qf8 Qf5 34. Kf1 Bb5+ 35. c4 dxc4 36. bxc4 Qd3+ 37. Kg1 Bxc4
38. Qc5 Be6 39. Kh2 Qd2 40. e4 Qf4+ 41. Kh1 Qxe4 42. f3 Qf4 43. Rc2 Bxh3 44.
Qe5 Qxe5 45. Bxe5 Be6 46. Rc7 f6 47. Bc3 Bd5 48. Kh2 Bc6 49. Re7 Kg8 50. Bb4
Rg5 51. Be1 Rc5 52. Kh3 Rc1 53. Kg3 Rc2 54. Bb4 h5 55. Be1 h4+ 56. Kh3 g5 57.
Bb4 Rc4 58. Bd6 Rd4 59. Bc5 Rd5 60. Bb6 Kf8 61. Rh7 Bd7+ 62. Kh2 Kg8 63. Re7
Bc6 64. Rc7 Rd2 65. Kh3 Rd7 66. Rc8+ Kf7 67. Rh8 Kg7 68. Rb8 Kg6 69. Rg8+ Kf5
70. Rf8 Rd3 71. Kh2 Ke6 72. Bd8 Rd2 73. Rxf6+ Kd7 74. Rf8 g4 75. Bxh4 gxf3 76.
Rd8+ Ke6 77. Rxd2 fxg2 78. Bf2 Kf5 79. Kg3 Ke4 80. Kxg2 Kf4+ 81. Kf1 Bb5+ 82.
Ke1 Kf3 83. Kd1 Ba4+ 84. Kc1 Bc6 85. Kb2 Ke4 86. Kc3 Ke5 87. Kb4 Ke6 88. Bh4
Bf3 89. Kc5 Ke5 90. Kb6 Ke6 91. Rd8 Bg2 92. Kc7 Ke5 93. Rb8 Kd5 94. Rxb7 Kc5
95. Rb6 Bf1 96. Kb7 Bg2+ 97. Kxa6 Bf3 98. Bf2+ Kd5 1-0

[Event "Cto por Equipos de Aragon-Preferente II"]
[Site ""]
[Date "2023.02.18"]
[Round "4.51"]
[White "Sierra Aguerri, Joaquin"]
[Black "Sanjuan Segura, Ignacio"]
[Result "1/2-1/2"]
[WhiteElo "2091"]
[BlackElo "1820"]
[PlyCount "0"]
[WhiteTeam "Tauste A"]
[BlackTeam "Palacio De Pioneros C"]
[EventDate "2023.01.28"]

1. e4 e6 2. d4 d5 3. Nc3 Bb4 4. e5 Ne7 5. f4 c5 6. Bd2 cxd4 7. Nb5 Bxd2+ 
8. Qxd2 Nf5 9. Nf3 O-O 10. Bd3 Bd7 11. a4 a6 12. Nbxd4 Nxd4 13. Nxd4 Nc6 
14. Nb3 f6 15. O-O Qb6+ 16. Kh1 fxe5 17. a5 Qc7 18. fxe5 Nxe5 19. Rxf8+ Rxf8 
20. Rf1 Rxf1+ 21. Bxf1 Nc4 22. Qc3 Qe5 23. Bxc4 Qxc3 24. bxc3 dxc4 25. Nc5 Bc8 
26. Ne4 Bd7 27. Nc5 Bc6 28. Nxe6 Kf7 29. Nd4 Ke7 30. Kg1 Be4 31. Kf2 Kd6 
32. g3 Kc5 33. Ke3 Bg6 34. h4 b6 35. Ne6+ Kb5 36. axb6 Kxb6 37. Nxg7 Bxc2 
38. g4 a5 39. h5 a4 40. Kd2 Be4 41. g5 a3 42. Kc1 Kc5 43. g6 hxg6 44. h6 g5 
45. Ne6+ Kb5 46. Nxg5 Bg6 47. h7 Bxh7 48. Nxh7 Ka4 1/2-1/2

[Event "Cto por Equipos de Aragon-Preferente II"]
[Site ""]
[Date "2023.02.18"]
[Round "4.52"]
[White "Cacho Almorin, Javier"]
[Black "Sancho Casale, Jesus"]
[Result "1-0"]
[WhiteElo "1668"]
[BlackElo "1933"]
[PlyCount "0"]
[WhiteTeam "Palacio De Pioneros C"]
[BlackTeam "Tauste A"]
[EventDate "2023.01.28"]

1. e4 e5 2. Nf3 Nc6 3. Bc4 Bc5 4. Nc3 Nf6 5. d3 h6 6. Be3 Bb6 7. Qd2 d6 
8. O-O-O Be6 9. Bxe6 fxe6 10. d4 exd4 11. Nxd4 Nxd4 12. Bxd4 e5 13. Be3 Qe7 
14. Nd5 Nxd5 15. Qxd5 Bxe3+ 16. fxe3 O-O-O 17. Rd3 Rhf8 18. Rb3 c6 19. Qa5 Kb8 
20. Ra3 a6 21. Qb6 Qc7 22. Rxa6 Rf2 23. Ra8+ Kxa8 24. Qxc7 Rdf8 25. Qxd6 R8f6 
26. Qxe5 Rxg2 27. Rd1 Rf8 28. Qe7 Rff2 29. Qd8+ 1-0

[Event "Cto por Equipos de Aragon-Preferente II"]
[Site ""]
[Date "2023.02.18"]
[Round "4.53"]
[White "Constin Balesescu, Ion"]
[Black "Campana Valencia, Lidia"]
[Result "0-1"]
[WhiteElo "1686"]
[BlackElo "1565"]
[PlyCount "0"]
[WhiteTeam "Tauste A"]
[BlackTeam "Palacio De Pioneros C"]
[EventDate "2023.01.28"]

1. e4 e5 2. Nf3 Nc6 3. Bc4 Bc5 4. Nc3 d6 5. h3 Nf6 6. d3 a6 7. Bg5 h6 
8. Bh4 Na5 9. Nd5 Nxc4 10. Nxf6+ gxf6 11. dxc4 Be6 12. Nd2 Rg8 13. Qf3 Rg6 
14. g4 Qe7 15. b3 O-O-O 16. Nf1 c6 17. O-O-O Rd7 18. Ng3 Qd8 19. Ne2 d5 
20. cxd5 Ba3+ 21. Kb1 cxd5 22. Qc3+ Qc7 23. Qxc7+ Kxc7 24. exd5 Rxd5 
25. Ng3 Kc6 26. c4 Rxd1+ 27. Rxd1 Bc5 28. Rf1 b5 29. cxb5+ axb5 30. Rc1 Kb6 
31. Ne4 Ba3 32. Rd1 f5 33. Nc3 fxg4 34. hxg4 Rxg4 35. Bd8+ Kc6 36. Ne2 Bf5+ 
37. Ka1 Rg2 38. Bh4 Bg4 39. Rd2 Bxe2 40. Rxe2 Rg1+ 0-1

[Event "Cto por Equipos de Aragon-Preferente II"]
[Site ""]
[Date "2023.02.18"]
[Round "4.54"]
[White "Ruiz Fernandez, Daniel"]
[Black "Carretero Cacho, Juan Jose"]
[Result "1/2-1/2"]
[WhiteElo "1926"]
[BlackElo "2054"]
[PlyCount "0"]
[WhiteTeam "MyInvestor Casablanca C"]
[BlackTeam "Agrupacion A"]
[EventDate "2023.01.28"]

1. e4 c5 2. Nf3 Nc6 3. d4 cxd4 4. Nxd4 Nf6 5. Nc3 g6 6. Nxc6 bxc6 7. e5 Nh5 8.
Bc4 d5 9. exd6 Qxd6 10. Qxd6 exd6 11. O-O d5 12. Re1+ Be6 13. Bd3 Bd6 14. Bh6
O-O-O 15. Ba6+ Kc7 16. Be3 Rb8 17. a4 Rb4 18. Rad1 Be5 19. Bc5 Bxc3 20. bxc3
Rxa4 21. Ra1 Rxa1 22. Rxa1 Rb8 23. g3 Nf6 24. Bd3 Ra8 25. Rxa7+ Rxa7 26. Bxa7
Nd7 27. Be3 f6 28. h4 Kd6 29. f3 c5 30. Kf2 Ne5 31. Bf4 Kc6 32. Ke3 c4 33. Be2
Kc5 34. g4 Nf7 35. Kd2 h6 36. Be3+ Kd6 37. Bd4 Ne5 38. Ke3 g5 39. hxg5 hxg5 40.
f4 Nxg4+ 41. Bxg4 Bxg4 42. Bxf6 gxf4+ 43. Kxf4 Bd1 44. Bd4 1/2-1/2

[Event "Cto por Equipos de Aragon-Preferente II"]
[Site ""]
[Date "2023.02.18"]
[Round "4.55"]
[White "Mimbela Lopez, Luis"]
[Black "Sanjulian Arruga, Pablo"]
[Result "1/2-1/2"]
[WhiteElo "2016"]
[BlackElo "1911"]
[PlyCount "0"]
[WhiteTeam "Agrupacion A"]
[BlackTeam "MyInvestor Casablanca C"]
[EventDate "2023.01.28"]

1. d4 Nf6 2. Nf3 e6 3. e3 c5 4. Bd3 b6 5. O-O Bb7 6. Nbd2 Be7 7. c3 cxd4 8.
exd4 O-O 9. Re1 d6 10. Qe2 Re8 11. Ne4 Nbd7 12. Nfg5 Nxe4 13. Nxe4 Nf6 14.
Nxf6+ Bxf6 15. Be4 Bxe4 16. Qxe4 d5 17. Qd3 Qc7 18. Bd2 Qc4 19. Qxc4 dxc4 20.
Re4 Red8 21. Bf4 Rd5 22. Rae1 Rad8 23. Be5 1/2-1/2

[Event "Cto por Equipos de Aragon-Preferente II"]
[Site ""]
[Date "2023.02.18"]
[Round "4.56"]
[White "Bello Cera, Raul"]
[Black "Carruez Berges, Santiago"]
[Result "1/2-1/2"]
[WhiteElo "1657"]
[BlackElo "1930"]
[PlyCount "0"]
[WhiteTeam "MyInvestor Casablanca C"]
[BlackTeam "Agrupacion A"]
[EventDate "2023.01.28"]

1. e4 e6 2. d4 d5 3. Nd2 Nc6 4. Ngf3 Nf6 5. e5 Nd7 6. Bd3 Nb4 7. Nb3 Nxd3+ 8.
Qxd3 Be7 9. O-O O-O 10. Bf4 b6 11. Rac1 c5 12. c4 Ba6 13. Nfd2 Rc8 14. Qg3 f5
15. exf6 Nxf6 16. Qe3 Rc6 17. Bg3 dxc4 18. Nxc4 Nd5 19. Qd2 cxd4 20. Qxd4 Bxc4
21. Rxc4 Bf6 22. Rxc6 Bxd4 23. Nxd4 Re8 24. Nxe6 Qf6 25. Re1 Qxb2 26. Rd6 Qxa2
27. f3 Qa5 28. Rd1 Nf6 29. f4 h6 30. Bh4 Qf5 31. Nxg7 Kxg7 32. Bxf6+ Qxf6 33.
Rxf6 Kxf6 34. Rd6+ Re6 35. Rxe6+ Kxe6 36. Kf2 a5 37. Ke3 a4 38. Kd2 Kf5 39. g3
1/2-1/2

[Event "Cto por Equipos de Aragon-Preferente II"]
[Site ""]
[Date "2023.02.18"]
[Round "4.59"]
[White "Cajo Esteban, Ruben"]
[Black "Gutierrez Mingueza, Ruben"]
[Result "1/2-1/2"]
[WhiteElo "1865"]
[BlackElo "2009"]
[PlyCount "0"]
[WhiteTeam "Dr. Azua A"]
[BlackTeam "San Jose A"]
[EventDate "2023.01.28"]

1. d4 Nf6 2. c4 e6 3. Nf3 d5 4. Nc3 Be7 5. Bg5 h6 6. Bh4 O-O 7. cxd5 exd5 8. e3
b6 9. Bd3 Be6 10. O-O c5 11. e4 dxe4 12. Nxe4 Nbd7 13. dxc5 Nxc5 14. Nxc5 bxc5
15. Ne5 Qb6 16. Qe2 Rfe8 17. Bc4 Bd6 18. Bxf6 Bxe5 19. Bxe5 Bxc4 20. Qxc4 Rxe5
21. b3 Rae8 22. Rac1 1/2-1/2

[Event "Cto por Equipos de Aragon-Preferente II"]
[Site ""]
[Date "2023.02.18"]
[Round "4.60"]
[White "Palomar Ramon, Santiago"]
[Black "Garcia Garcia, Enrique"]
[Result "1/2-1/2"]
[WhiteElo "1892"]
[BlackElo "1797"]
[PlyCount "0"]
[WhiteTeam "San Jose A"]
[BlackTeam "Dr. Azua A"]
[EventDate "2023.01.28"]

1. e4 c5 2. Nf3 d6 3. Bb5+ Nd7 4. O-O a6 5. Bxd7+ Bxd7 6. b3
Nf6 7. e5 dxe5 8. Nxe5 e6 9. Bb2 Be7 10. d3 O-O 11. Nd2 Rc8 12. Ne4 Bc6 13.
Nxc6 Rxc6 14. Qf3 Nxe4 15. dxe4 c4 16. Rfd1 Qc7 17. Qg3 Qxg3 18. hxg3 cxb3 19.
cxb3 Rc2 20. Rd7 Bc5 21. Bd4 Rd2 22. Bxc5 Rxd7 23. Bxf8 Kxf8 24. Rc1 Ke7 25.
Rc2 Rd1+ 26. Kh2 Rd4 27. f3 Rd6 28. g4 Rc6 29. Rd2 f6 30. Kg3 e5 31. Kf2 Rd6
32. Rc2 Rc6 33. Rxc6 bxc6 34. Ke3 Kd6 35. Kd3 Kc5 36. Kc3 a5 37. a3 g6 38. Kd3
Kb5 39. Kc3 Kc5 1/2-1/2

[Event "Cto por Equipos de Aragon-Preferente II"]
[Site ""]
[Date "2023.02.18"]
[Round "4.61"]
[White "Abenia Porroche, Roberto"]
[Black "Rubio Tello, Abel"]
[Result "0-1"]
[WhiteElo "1699"]
[BlackElo "1807"]
[PlyCount "0"]
[WhiteTeam "Dr. Azua A"]
[BlackTeam "San Jose A"]
[EventDate "2023.01.28"]

1. Nf3 d5 2. d4 Nf6 3. g3 e6 4. Bg2 c5 5. c3 Bd6 6. Nbd2 O-O 7. Qc2 cxd4 8.
Nxd4 Nc6 9. Nxc6 bxc6 10. O-O Ba6 11. Re1 Qb6 12. e4 Bc5 13. Nb3 Nxe4 14. Bxe4
dxe4 15. Nxc5 Qxc5 16. Qxe4 Qd5 17. Bf4 Rad8 18. b3 Bd3 19. Qa4 Bf5 20. Rac1
Qf3 21. Re3 Rd1+ 22. Rxd1 Qxd1+ 23. Kg2 Qd5+ 24. Kg1 Qd1+ 25. Kg2 Bd3 26. Rxd3
Qxd3 27. Qxc6 Rd8 28. Be3 a6 29. Bb6 Qd5+ 30. Qxd5 Rxd5 31. b4 Kf8 32. c4 Rd2
33. a4 Ra2 34. a5 Rb2 35. c5 Rxb4 36. Kf3 Rb2 37. Ke3 Ke8 38. Kd3 Kd7 39. Kc3
Ra2 0-1

[Event "Cto por Equipos de Aragon-Preferente II"]
[Site ""]
[Date "2023.02.18"]
[Round "4.62"]
[White "Gracia Campo, Carlos Alberto"]
[Black "Juberias Segura, Santiago"]
[Result "0-1"]
[WhiteElo "2012"]
[BlackElo "2042"]
[PlyCount "0"]
[WhiteTeam "El Olivar B"]
[BlackTeam "Utebo San Lamberto A"]
[EventDate "2023.01.28"]


1. e4 c5 2. Nf3 d6 3. d4 cxd4 4. Qxd4 Nc6 5. Bb5 Bd7 6. Bxc6 Bxc6 
7. Nc3 Nf6 8. Bg5
e5 9. Qd3 h6 10. Bh4 g5 11. Bg3 Be7 12. O-O-O Qa5 
13. Nd2 b5 14. Rhe1 Rc8 15. a3
Qb6 16. b4 a5 17. Nb3 a4 18. Nd2 Bd7 
19. Nf1 O-O 20. Ne3 Be6 21. Nxb5 Nxe4 22. Qxe4
Qxb5 23. Nd5 Bxd5 
24. Qxd5 Qxd5 25. Rxd5 Rc3 26. Re3 Rc4 27. Ra5 f5 28. f3 f4 29.
Re2 fxg3 
30. hxg3 g4 31. f4 Bf6 32. Rxa4 exf4 33. gxf4 Rxf4 34. Ra7 Bc3 35. Kb1
Rf2 
36. Re6 R2f6 37. Re2 h5 38. b5 Bd4 39. Rae7 Bc5 40. a4 Rf1+ 41. Kb2 h4 42. R2e4
R1f4 
43. a5 h3 44. gxh3 g3 45. R4e6 R4f6 46. Re4 Rg6 47. R4e6 Rxe6 48. Rxe6 Rf7

49. Rg6+ Rg7 50. b6 Rxg6 51. b7 Ba7  0-1

[Event "Cto por Equipos de Aragon-Preferente II"]
[Site ""]
[Date "2023.02.18"]
[Round "4.63"]
[White "Lopez Guaita, Fernando"]
[Black "Bailo Remacha, Santiago"]
[Result "1/2-1/2"]
[WhiteElo "1836"]
[BlackElo "1928"]
[PlyCount "0"]
[WhiteTeam "Utebo San Lamberto A"]
[BlackTeam "El Olivar B"]
[EventDate "2023.01.28"]


1. e4 c5 2. d4 cxd4 3. c3 d3 4. Bxd3 Nc6 5. c4 d6 6. h3 g6 7. Nf3 Bg7 
8. Nc3 Nf6
9. O-O O-O 10. Be3 b6 11. Qd2 Bb7 12. Bh6 Nb4 13. Bxg7 Kxg7 
14. Rfe1 Rc8 15. b3
e6 16. Nb5 Nxd3 17. Qxd3 a6 18. Nc3 d5 19. cxd5 exd5 
20. e5 Ne4 21. Rac1 f6 22.
Qd4 Nxc3 23. Rxc3 Rxc3 24. Qxc3 fxe5 25. Rxe5 Kg8 
26. Nd4 Qf6 27. Qe3 Qf4 28. Re8
Qxe3 29. Rxf8+ Kxf8 30. fxe3 Ke7 31. Kf2 Kd6 
32. Ke2 Bc8 33. Kd3 Bf5+ 34. Nxf5+
gxf5 35. Kd4 h5 36. g3 a5 37. a3 Ke6 
38. b4 axb4 39. axb4 Kd6 40. Kc3 Ke5 41. Kd3
Ke6 42. Kc3 Kd7 43. Kd4 Kd6 
44. Kc3 Kc6 45. Kd4 Kb5 46. Kxd5 Kxb4 47. e4 fxe4 48.
Kxe4 Kc3 49. g4 hxg4 
50. h4 g3 51. Kf3 Kd4 52. Kxg3 b5 53. h5 Ke5 54. h6 Kf6 55.
Kf4  1/2-1/2

[Event "Cto por Equipos de Aragon-Preferente II"]
[Site ""]
[Date "2023.02.18"]
[Round "4.64"]
[White "Arinez Bruna, Octavio"]
[Black "Olivan Lopez, Dario"]
[Result "0-1"]
[WhiteElo "1876"]
[BlackElo "1787"]
[PlyCount "0"]
[WhiteTeam "El Olivar B"]
[BlackTeam "Utebo San Lamberto A"]
[EventDate "2023.01.28"]

1. d4 d6 2. Nf3 Nf6 3. Bg5 Nbd7 4. Nc3 e5 5. e4 Be7 6. Qd2 c6 
7. a4 O-O 8. Bc4 b6
9. O-O Qc7 10. Rad1 a6 11. Rfe1 b5 12. axb5 axb5 
13. Bd3 b4 14. Ne2 c5 15. c3 c4
16. Bb1 b3 17. Ng3 g6 18. h4 h5 
19. Bh6 Rd8 20. Nf5 Bf8 21. Bxf8 Rxf8 22. dxe5 dxe5
23. Qg5 Nh7 
24. Ne7+ Kg7 25. Qg3 Re8 26. Nf5+ Kh8 27. Nd6 Re7 28. Ng5 Ndf6 
29. Ndxf7+
Rxf7 30. Rd8+ Rf8 31. Nxh7 Qxd8 32. Nxf8 Qxf8 33. Qxg6 Qg7 
34. Qxg7+ Kxg7  0-1

[Event "Cto por Equipos de Aragon-Preferente II"]
[Site ""]
[Date "2023.02.18"]
[Round "4.65"]
[White "Moursy Sadek, Tarek"]
[Black "Munoz Valles, Jorge"]
[Result "0-1"]
[WhiteElo "1709"]
[BlackElo "1838"]
[PlyCount "0"]
[WhiteTeam "Utebo San Lamberto A"]
[BlackTeam "El Olivar B"]
[EventDate "2023.01.28"]




1. e4 c6 2. f4 d5 3. e5 Bf5 4. Nf3 e6 5. d4 Ne7 6. Be2 c5 
7. O-O Nec6 8. c3 Qb6 9.
Kh1 Nd7 10. a3 Rc8 11. dxc5 Nxc5 
12. Nbd2 Be7 13. b4 Ne4 14. Nxe4 dxe4 15. Nd4 Nxd4
16. Qxd4 Qxd4 
17. cxd4 f6 18. g4 Bg6 19. f5 Bf7 20. Bb5+ Kd8 21. Bf4 a6 22. Ba4

exf5 23. gxf5 Bd5 24. Rfc1 Rxc1+ 25. Rxc1 g6 26. exf6 Bxf6 
27. Rc5 Ba2 28. Be5 Rf8
29. Bc7+ Ke7 30. Rc2 Bd5 31. Rc5 Bc6 
32. Bxc6 bxc6 33. fxg6 Kd7 34. Be5 hxg6 35.
Kg2 Bh4 36. Bg3 Bf6 
37. d5 Rc8 38. dxc6+ Rxc6 39. Rxc6 Kxc6 40. Kf2 Bd4+ 41. Ke2
Kb5 
42. Bd6 Ka4 43. h3 Kb3 44. Bc5 Bb2 45. Ke3 Bxa3 46. Kxe4 Bxb4 47. Bd4 Be7 
48.
Ke5 Bh4 49. Bb6 Kb4 50. Ke6 a5 51. Kf7 g5 52. Bd4 a4 53. Ke6 a3  0-1

[Event "Ctor por Equipos de Aragon-Division de Honor"]
[Site ""]
[Date "2023.02.25"]
[Round "5.1"]
[White "Adla, Diego"]
[Black "Del Rey, Diego"]
[Result "0-1"]
[WhiteElo "2400"]
[BlackElo "2328"]
[PlyCount "0"]
[WhiteTeam "MyInvestor Casablanca"]
[BlackTeam "El Olivar"]
[EventDate "2023.01.28"]

1. d4 d5 2. c4 c6 3. cxd5 cxd5 4. Bf4 Nc6 5. e3 Qb6 6. Nc3 e6 7. a3 Bd7 8. Bd3
Nf6 9. Nf3 Be7 10. O-O O-O 11. Na4 Qd8 12. Nc5 Bxc5 13. dxc5 b6 14. Rc1 bxc5
15. Rxc5 Qe7 16. Rb5 e5 17. Bg5 e4 18. Bxf6 gxf6 19. Rxd5 exd3 20. Qxd3 Bg4 21.
Nd4 Nxd4 22. Qxd4 Be6 23. Ra5 Rfd8 24. Qe4 Qd6 25. Rh5 Qd3 26. Qxd3 Rxd3 27.
Ra5 Rb3 28. Rc1 Rxb2 29. h3 Rd8 30. Ra4 Rdd2 31. Rf4 f5 32. Rc5 Rd6 33. Ra5 a6
34. Kh2 Rb5 35. Rxb5 axb5 36. a4 bxa4 37. Rxa4 Rc6 38. Kg3 Rc4 39. Ra8+ Kg7 40.
f3 Rc2 41. Ra1 Re2 42. Ra3 Rb2 43. Ra5 Kf6 44. Ra1 Re2 45. Ra3 Kg5 46. Rc3 Rb2
47. Rc1 Rb4 48. Ra1 Rb2 49. Rc1 Rb4 50. Ra1 h5 51. h4+ Kf6 52. Ra8 Rb3 53. Kf4
Rb4+ 54. Kg3 Kg7 55. Rd8 Rb2 56. Ra8 Ra2 57. Rb8 Bc4 58. Rb1 Be6 59. Rb8 Re2
0-1